MARC

LEADER 00000nam a2200000Ii 4500
001 DIGARCOL0305
003 NyNyDIG
006 m o d
007 cr |||||||||||
008 241001s2011 sp a ob 000 0 spa d
035 |a (OCoLC)1459766406 
040 |a DGITA  |b eng  |e rda  |e pn  |c DGITA 
020 |z 9788476358191 
043 |a e-sp--- 
050 1 4 |a ND813.L483 ebook 
100 1 |a Gómez Frechina, José,  |e author. 
245 1 4 |a Los Hernandos :  |b pintores 1505-1525/c. 1475-1536 /  |c José Gómez Frechina. 
264 1 |a Madrid :  |b Arco/Libros, S. L.,  |c [2011] 
300 |a 1 online resource :  |b illustrations. 
336 |a text  |b txt  |2 rdacontent 
337 |a computer  |b c  |2 rdamedia 
338 |a online resource  |b cr  |2 rdacarrier 
347 |a text file  |2 rdaft 
347 |b PDF 
490 1 |a Ars hispanica  
504 |a Includes bibliographical references. 
588 0 |a Online resource; title from PDF title page (Digitalia, viewed October 1, 2024) 
600 1 0 |a Llanos, Ferrando,  |d active 1505-1520  |x Criticism and interpretation. 
600 1 0 |a Yáñez de la Almedina, Fernando,  |d approximately 1459-  |x Criticism and interpretation. 
650 0 |a Panel painting, Spanish  |y 16th century. 
650 0 |a Panel painting, Renaissance  |z Spain. 
650 0 |a Altarpieces, Spanish  |y 16th century. 
650 0 |a Altarpieces, Renaissance  |z Spain. 
791 2 |a Digitalia (Firm),  |e distributor. 
793 0 |g Digitalia eBook Collection:  |a Arco/Libros 
776 0 8 |i Print version:  |a Gómez Frechina, José.  |t Hernandos.  |d Madrid : Arco/Libros, S. L., [2011]  |z 9788476358191 
830 0 |a Ars hispanica.  
856 4 0 |3 Digitalia Hispánica  |u https://www.digitaliapublishing.com/a/138326/ 
910 |a Premium collection: 2024